|
|
|
|
| LEADER |
00000nam0a2200000 4500 |
| 001 |
21569 |
| 005 |
20231101205434.0 |
| 010 |
|
|
|a 5211003675
|
| 035 |
|
|
|a (RuTPU)RU\TPU\book\21773
|
| 035 |
|
|
|a BOOK00006466
|
| 090 |
|
|
|a 21569
|
| 100 |
|
|
|a 20011209d1990 m y0rusy50 ca
|
| 101 |
0 |
|
|a rus
|a ger
|
| 102 |
|
|
|a RU
|
| 105 |
|
|
|a y j 000zy
|
| 200 |
1 |
|
|a Немецкий язык
|e Курс ускоренного обучения
|f Н. А. Баскакова, Т. Я. Андрющенко, О. Н. Хмелюк
|
| 210 |
|
|
|a Москва
|c Изд-во МГУ
|d 1990
|
| 215 |
|
|
|a 302 с.
|
| 606 |
1 |
|
|a Немецкий язык
|x Учебные руководства и пособия для вузов
|2 stltpush
|3 (RuTPU)RU\TPU\subj\45394
|9 64636
|
| 610 |
1 |
|
|a лексика
|
| 610 |
1 |
|
|a грамматика
|
| 610 |
1 |
|
|a ускоренное обучение
|
| 610 |
1 |
|
|a фонетика
|
| 610 |
1 |
|
|a упражнения
|
| 686 |
|
|
|a Ш143.24-923
|v LBC/SL-A
|2 rubbk
|
| 700 |
|
1 |
|a Баскакова
|b Н. А.
|g Нина Алексеевна
|
| 701 |
|
1 |
|a Андрющенко
|b Т. Я.
|g Татьяна Яковлевна
|
| 701 |
|
1 |
|a Хмелюк
|b О. Н.
|g Ольга Николаевна
|
| 801 |
|
0 |
|a RU
|b 63413507
|c 20011209
|g PSBO
|
| 801 |
|
2 |
|a RU
|b 63413507
|c 20161124
|g PSBO
|
| 942 |
|
|
|c BK
|